000 01128nam a2200301 a 4500
001 000035708
005 20200930074541.0
008 111109s1983 sp 000 1 spa d
020 _a8471669226
040 _aDO-SdBNP
_bspa
_cBNPHU
041 1 7 _aspa
_heng
100 1 _aGibrán, Gibrán Jalil,
_d1883-1931
_961633
245 1 3 _aEl profeta. Ninfas del valle. Arena y espuma /
_cGibrán Jalil Gibrán ; traducción y prólogo de Mauro Armiño.
260 _aMadrid :
_bEDAF,
_c1983.
300 _a201 p. ;
_c18 cm.
490 0 _aBiblioteca EDAF ;
_v155
505 0 _aÍndice:
_tCronología. --
_tEl profeta. --
_tNinfas del valle. --
_tArena y espuma.
600 1 4 _aGibrán, Gibrán Jalil,
_d1883-1931.
_tNinfas del valle
_961634
600 1 4 _aGibrán, Gibrán Jalil,
_d1883-1931.
_tArena y espuma
_961635
650 2 4 _aLiteratura libanesa
_927514
650 2 4 _aNarrativa libanesa
_961636
650 2 4 _aFilosofía libanesa
_949575
650 2 4 _aMisticismo en la literatura
_98754
700 1 _aArmiño, Mauro,
_etrad.
_913314
740 0 _aNinfas del valle
740 0 _aArena y espuma
830 0 _aBiblioteca EDAF ;
_v155
_96779
999 _c35199
_d35199